000 00431cam a2200181ua 4500
001 5609
008 131005n ii |||gr||||Z||||||eng
040 _cMAIN
082 _a954.162
245 _aHistory of Assam
_cBy Edwart Hait
250 _a3rd ed.
260 _aGuwahati:
_bLBS Publications,
_c1984.
300 _axii,390p.
653 _aHistory
653 _aHistory of Assam
700 _aHait,Edward,
_eAuthor.
942 _cBK
999 _c4770
_d4770